000 00324nam a2200133Ia 4500
005 20260328101512.0
008 260328s9999||||xx |||||||||||||| ||und||
100 _aLedrut, Raymond
245 0 _aI Espace Social de la Ville /
_cRaymond Ledrut
260 _bAnthropos
300 _a365 p.
650 _aURBANISMO
942 _cBK
999 _c9226
_d9226